000 00570nam a2200193Ia 4500
003 GCL
008 140319s9999 xx 000 0 ara d
020 _a6136109977
040 _aGCL /
_cGCL
082 0 4 _aم
_b910.3
_bهـ م
100 1 _aهانى محمد عبدالله
245 1 0 _aموسوعة عواصم العالم /
_cهانى محمد عبدالله
250 _aالاولى
260 _aالقاهرة :
_bدار العلوم ،
_c2004
300 _a144 ص ؛
_c24 سم
650 0 4 _aالمدن
650 0 4 _aعواصم الدول
942 _2ddc
_cBK
999 _c7497
_d7497